| 000 | 00356nam a22001337a 4500 | ||
|---|---|---|---|
| 027 | _qHB. | ||
| 040 | _cFIZZA ISHAQ | ||
| 082 |
_a823.912 _bORW |
||
| 100 |
_aOrwell , George. _999933 |
||
| 245 |
_a1984 / Nineteen Eighty-Four / _cGeorge Orwell. |
||
| 260 |
_aNew York: _bA SIGNET CLASSIC, _c1949. |
||
| 300 |
_a268 P. ; _c4 X 7 X .8 inches |
||
| 942 |
_2ddc _cBK |
||
| 999 |
_c616738 _d616738 |
||